| 000 | 00554nam a2200169 4500 | ||
|---|---|---|---|
| 001 | 140398 | ||
| 003 | ES-MaACL | ||
| 005 | 20230906200054.0 | ||
| 007 | t| | ||
| 008 | 070214s1947 sp r ||||1| spa d | ||
| 100 | 1 |
_aSegura Covarsí, Enrique. _9105216 |
|
| 245 | 1 | 0 |
_aJosé María Pemán _b: retorno a la vida sencilla / _cE. Segura Covarsí. |
| 260 |
_aMadrid : _b[s. n.], _c1947. |
||
| 300 |
_a10 p. ; _c25 cm. |
||
| 500 | _aTirada aparte de: Cuadernos de Literatura, fasc. 6, diciembre 1947, p. 517-526. | ||
| 852 |
_aES-MaACL _j1889-F-13 _bR.26211 |
||
| 999 |
_c140398 _d140398 |
||